02031cam a22005894i 4500003000900000005001700009008004100026020001500067035002700082040003300109049000900142082001900151100002700170245002800197264005600225300003800281336002100319337002500340338002300365490002500388504002800413505023700441526001000678526001000688526001000698526001000708526001000718526000900728526000900737526000900746526000900755526000900764526000900773526000900782526000900791526000900800526000900809526000800818526000800826526000800834526000800842526000800850526000800858650002300866942001400889949012900903994001401032596000601046999015401052980005501206952018001261PE-LiUPU20250731170430.0150623s r 000 0 d a0340611014 a(Sirsi) i9780340611012 aPE-LiUPUbspacPE-LiUPUerda aPRUA04a170.1bT482211 aThompson, Mel,eautor.10aEthics /cMel Thompson. 1aEuston Road, London :bTeach Yourself Books,c1994. a222 páginas ;c20 centímetros atext2rdacontent aunmediated2rdamedia avolume2rdacarrier0 aTeach Yourself Books aIncluye bibliografía.0 aIntroduction: The art of living. Free to choose?. What do we mean?. Is it natural?. Looking for results. The experience of moral choice. A summary. Personal development. Law and order. A global perspective religion and moral values. aSEG68 aSEG70 aSEG69 aSEG67 aSEG43 aP144 aP143 aP131 aP122 aP120 aP117 aP112 aP110 aP106 aP101 aP80 aP59 aP54 aP35 aP33 aP3004aÉticaxTeoría. 2ddccBOOK a170.1 T48wDEWEYc1i51162lCCODEBUL1mBULp10.00r0sYtBOOKu2015-6-24xTEOLOGIAPP350COMPRAo.STAFF. Colección General aC0bPEPRU a1 a170.1 T48wDEWEYc32863i51162f2021-11-9g5lCCODEBUL1mBULp10.00r0sYtBOOKu2015-6-24xTEOLOGIAPP350COMPRAo.STAFF. Colección Generald32863 81gALBERTO SANCHEZ Responsable de Automatización r2026-05-07 09:17:51i6l1o170.1 T48p51162s2026-04-29te1v15.00w2015-06-24xFTyBKzinventario-2023-12-13102ddc50708GENfP35aBULbBULcGENd2015-06-24eCOMPRAg10.00